Normal view MARC view
  • MANUFACTURING PLANNING AND CONTROL.SUPPLY CHAIN MANAGEMENT

Entry Topical Term

Number of records used in: 1

001 - CONTROL NUMBER

  • control field: 62097

003 - CONTROL NUMBER IDENTIFIER

  • control field: NUST

005 - DATE AND TIME OF LATEST TRANSACTION

  • control field: 20210628202856.0

008 - FIXED-LENGTH DATA ELEMENTS

  • fixed length control field: 210628|| aca||aabn | a|a d

040 ## - CATALOGING SOURCE

  • Original cataloging agency: NUST
  • Transcribing agency: NUST

150 ## - HEADING--TOPICAL TERM

  • Topical term or geographic name entry element: MANUFACTURING PLANNING AND CONTROL.SUPPLY CHAIN MANAGEMENT

670 ## - SOURCE DATA FOUND

  • Source citation: Work cat.: (NUST): Vollmann, Thomas E, Berry, William L, Whybark, D.Clay 62096, Manufacturing planning and control for supply chain management, 2006
© 2023 Central Library, National University of Sciences and Technology. All Rights Reserved.